00852nam a2200265Ia 4500001001000000003000600010005001700016008004100033020001800074035002100092040000700113082002200120100002300142245009000165250001200255260003600267300002600303490003500329504005100364650003100415650005000446650004500496650002200541700002300563298436477OCoLC20151014172716.0090115s2015 maua b 001 0 eng d a9780198089131 a(OCoLC)298436477 aMA 222a621.3815bSAM1 aJaeger, Richard C.10aMicroelectronic circuit :cAdel S. sedra, Kenneth C. SmithbTheory and Applications / a6th ed. aBoston [u.a.] :bOxford,c2015. axxiv, 1190 p. :bill.1 aElectronics and VLSI circuits. aIncludes bibliographical references and index. 0aElectronic circuit design. 0aIntegrated circuitsxDesign and construction. 0aSemiconductorsxDesign and construction. 0aMicroelectronics.1 aBlalock, Travis N.